000 00634nam a2200181 4500
008 020703s1982 us 0 eng
020 _a0824504550
090 _aBS646
_bR79o
100 1 _aRowland, Christopher
245 1 0 _aThe open heaven :
_ba study of apocalyptic in Judaism and early Christianity /
_cChristopher Rowland.
260 _aNew York :
_bCrossroad,
_cc1982.
300 _axiii, 562 p.
504 _aBiblio. : pp. 520-545.
650 4 _aApocalytic literature.
650 4 _aRabbinical literature
_xHistory and criticism.
951 _p19849
_x00013084
_oBS646/R79o
_j070613111131593
_d2000-12-21
_cGC
999 _c12163
_d12163